000 00347nam a2200145Ia 4500
008 230711s9999||||xx |||||||||||||| ||und||
041 _aENG
082 _a620
_bTR-S
100 _aTripatti,R
245 0 _aStrength of materials
250 _a1st
260 _c1994
_aNew Delhi
_bS.K Kataria & Sons
650 _aMechanical Engineering
942 _cBK
999 _c2676
_d2676